000 00672nam a2200265Ia 4500
005 20260121170503.0
008 008 260114s9999 xx 000 0 eng d
020 _a9783319777979
037 _aEBOOK
040 _aCRL
040 _beng
040 _cCRL
041 _2eng
041 _aeng
084 _qCRL
100 _aTilman Michael Dralle
_91064481
245 0 _aOwnership Unbundling and Related Measures in the EU Energy Sector
260 _bSpringer
260 _bSpringer
260 _c2018
856 _uhttps://link.springer.com/openurl?genre=book&isbn=978-3-319-77797-9
942 _cEBOOK
999 _c1630210
_d1630210